Countries that Border Each Other #5 - Statistics

General Stats
  • This quiz has been taken 39 times
  • The average score is 12 of 15
Answer Stats
Hint Answer % Correct
H Hungary
93%
R Romania
90%
G Guatemala
87%
H Honduras
87%
S Serbia
87%
E El Salvador
83%
U Uganda
80%
I Iraq
73%
K Kenya
73%
K Kuwait
73%
S Saudi Arabia
73%
S South Sudan
70%
C Cameroon
63%
E Equatorial Guinea
63%
G Gabon
63%
No matching quizzes found
Score Distribution
Percent of People with Each Score
Percentile by Number Answered
Your Score History
You have not taken this quiz